Detalles MARC
| 000 -CABECERA |
| campo de control de longitud fija |
02451nam a2200289 a 4500 |
| 001 - NÚMERO DE CONTROL |
| campo de control |
000021263 |
| 003 - IDENTIFICADOR DEL NÚMERO DE CONTROL |
| campo de control |
DO-SdBNP |
| 005 - FECHA Y HORA DE LA ÚLTIMA TRANSACCIÓN |
| campo de control |
20240927073747.0 |
| 008 - DATOS DE LONGITUD FIJA--INFORMACIÓN GENERAL |
| campo de control de longitud fija |
100903t2004 dr ac 001 0 spa d |
| 020 ## - NÚMERO INTERNACIONAL ESTÁNDAR DEL LIBRO |
| ISBN cancelado o inválido |
9993432026 |
| 040 ## - FUENTE DE LA CATALOGACIÓN |
| Centro catalogador/agencia de origen |
DO-SdBNP |
| Lengua de catalogación |
spa |
| Centro/agencia transcriptor |
BNPHU |
| 049 ## - FONDOS LOCALES (OCLC) |
| Fondos de biblioteca |
BNPD |
| 082 ## - NÚMERO DE LA CLASIFICACIÓN DECIMAL DEWEY |
| Número de clasificación |
972.93053 |
| Número de documento/Ítem |
R696t, 2004 |
| 100 1# - ENTRADA PRINCIPAL--NOMBRE DE PERSONA |
| Nombre de persona |
Rodríguez León, Francisco |
| 9 (RLIN) |
44445 |
| 245 10 - MENCIÓN DE TÍTULO |
| Título |
Trujillo y Balaguer : |
| Resto del título |
entre la espada y la palabra [1930-1962] / |
| Mención de responsabilidad, etc. |
Francisco Rodríguez León. |
| 250 ## - MENCIÓN DE EDICIÓN |
| Mención de edición |
[2ª ed.] |
| 260 ## - PUBLICACIÓN, DISTRIBUCIÓN, ETC. |
| Lugar de publicación, distribución, etc. |
Santo Domingo : |
| Nombre del editor, distribuidor, etc. |
Nostrum : |
| -- |
Letra Gráfica, |
| Fecha de publicación, distribución, etc. |
2004. |
| 300 ## - DESCRIPCIÓN FÍSICA |
| Extensión |
725 p. : |
| Otras características físicas |
il., retrs. ; |
| Dimensiones |
24 cm. |
| 500 ## - NOTA GENERAL |
| Nota general |
Incluye datos biográficos del autor en la solapa de la cubierta. |
| 504 ## - NOTA DE BIBLIOGRAFÍA, ETC. |
| Nota de bibliografía, etc. |
Bibliografía : p.706-718 |
| 505 0# - NOTA DE CONTENIDO CON FORMATO |
| Información miscelánea |
Prólogo -- |
| -- |
Preludio -- |
| Título |
Orígenes: el soldado -- |
| -- |
Orígenes: el intelectual -- |
| -- |
Antecedentes -- |
| Información miscelánea |
Primera década (1930-1939) : |
| Título |
Primer período (1930-1934): escenario político -- |
| -- |
Primer período (1930-1934): la economía -- |
| -- |
Génesis de un cortesano -- |
| -- |
Segundo período (1934-1938) -- |
| -- |
Un holocausto tropical -- |
| -- |
La presidencia de papel: Jacinto B. Peynado (1938-1940) -- |
| Información miscelánea |
Segunda década (1940-1949) : |
| Título |
La presidencia de cartón: Manuel de Js. Troncoso de La Concha (1940-1942) -- |
| -- |
El retorno del bárbaro -- |
| -- |
La dominicanización de la frontera -- |
| -- |
El exilio del cortesano (1940-1949) -- |
| Información miscelánea |
Tercera década (1950-1959) : |
| Título |
El regreso del cortesano -- |
| -- |
El Anselmato (1950-1954) -- |
| -- |
Apoteosis: la feria de las ilusiones -- |
| -- |
El delfín y el cortesano -- |
| -- |
La vicepresidencia del cortesano -- |
| -- |
Así habló el cortesano -- |
| Información miscelánea |
Desenlace (1960-1962) : |
| Título |
Vorágine: la rebelión de un país -- |
| -- |
Vértigo: la presidencia del cortesano -- |
| -- |
Soliloquio (I) -- |
| -- |
El cortesano y el "30 de mayo" -- |
| -- |
Funerales de Estado |
| -- |
Los nuevos tiempos -- |
| -- |
Malicia en el país de las maravillas -- |
| -- |
Las cortinas del palacio no son de terciopelo azul -- |
| -- |
La insurrección de Santiago -- |
| -- |
El cortesano y el asesinato de los héroes del "30 de mayo" -- |
| -- |
La silla de alfileres -- |
| -- |
Interregno -- |
| -- |
Un consejo para el cortesano -- |
| Información miscelánea |
Reflexiones -- |
| -- |
Soliloquio (II) -- |
| -- |
Anexo-- |
| -- |
Bibliografía principal -- |
| -- |
Bibliografía adicional -- |
| -- |
Documentos. |
| 600 10 - PUNTO DE ACCESO ADICIONAL DE MATERIA--NOMBRE DE PERSONA |
| Nombre de persona |
Balaguer, Joaquín, |
| Fechas asociadas al nombre |
1906-2002 |
| 9 (RLIN) |
76556 |
| 600 10 - PUNTO DE ACCESO ADICIONAL DE MATERIA--NOMBRE DE PERSONA |
| Nombre de persona |
Trujillo Molina, Rafael Leónidas, |
| Fechas asociadas al nombre |
1891-1961 |
| 9 (RLIN) |
76764 |
| 651 14 - PUNTO DE ACCESO ADICIONAL DE MATERIA--NOMBRE GEOGRÁFICO |
| Nombre geográfico |
República Dominicana |
| Subdivisión general |
Política y gobierno |
| Subdivisión cronológica |
Era de Trujillo, 1930-1961 |
| 9 (RLIN) |
1374 |
| 910 ## - DATOS DE OPCIÓN DEL USUARIO (OCLC) |
| Datos de opción del usuario |
Validado. Control de calidad EMS. |
| 942 ## - ELEMENTOS DE PUNTO DE ACCESO ADICIONAL (KOHA) |
| Fuente del sistema de clasificación o colocación |
Dewey Decimal Classification |
| Tipo de ítem Koha |
Libro |